Score 0/24 Timer 01:00
4 Plays Today
Hint Harry Potter (H) or US President (U)? % Correct
James Potter???
98%
Bartemius Crouch???
96.7%
James Buchanan???
96.6%
Regulus A. Black???
96%
Vernon Dursley???
95.9%
Rutherford B. Hayes???
95.4%
Grover Cleveland???
95.3%
Cornelius Fudge???
94.1%
Gerald Ford???
93.8%
Remus Lupin???
93.8%
Franklin Pierce???
92.4%
Herbert Hoover???
92.1%
Hint Harry Potter (H) or US President (U)? % Correct
Jimmy Carter???
90.6%
Marcus Flint???
90.5%
Millard Fillmore???
88.2%
Zachary Taylor???
88.1%
Dean Thomas???
86.4%
Lee Jordan???
86%
Martin Van Buren???
85.9%
Calvin Coolidge???
85.8%
Oliver Wood???
85.2%
Zacharias Smith???
83.7%
Chester A. Arthur???
82.6%
Michael Corner???
80.1%
Remove Ads.
Support Sporcle.
Get the best of Sporcle when you Go Orange. This ad-free experience offers more features, more stats, and more fun while also helping to support Sporcle. Thank you for becoming a member.

You're not logged in!

Compare scores with friends on all Sporcle quizzes.
OR
Log In

Show Comments

Extras

Top Quizzes Today


Score Distribution

Your Account Isn't Verified!

In order to create a playlist on Sporcle, you need to verify the email address you used during registration. Go to your Sporcle Settings to finish the process.

Report this User

Report this user for behavior that violates our Community Guidelines.

Details: